[Event "XII Open A"]
[Site "Verona ITA"]
[Date "2006.01.02"]
[Round "1"]
[White "Popa, Florin"]
[Black "Godena, Michele"]
[Result "0-1"]
[WhiteElo "2206"]
[BlackElo "2505"]
[PlyCount "82"]
[EventDate "2006.01.02"]

1.e4 e5 2.Nf3 Nc6 3.Bc4 Bc5 4.c3 Nf6 5.d3 a6 6.O-O d6 7.d4 Ba7 8.dxe5 Nxe5
9.Nxe5 dxe5 10.Qxd8+ Kxd8 11.Bg5 Ke7 12.Nd2 h6 13.Bh4 Bg4 14.Rfe1 Rad8 15.
Nf1 g5 16.Bg3 Be6 17.Bxe6 Kxe6 18.Re2 Rd3 19.Rae1 Rhd8 20.h3 Nh5 21.Bh2 
Nf4 22.Bxf4 exf4 23.Nh2 h5 24.Kf1 Rg8 25.Nf3 g4 26.Rd2 Rxd2 27.Nxd2 Rd8 
28.Re2 b5 29.hxg4 hxg4 30.f3 g3 31.Ke1 Bf2+ 32.Kd1 Rh8 33.Nb3 Rh2 34.Kc2 
Rxg2 35.Nc5+ Kf6 36.Nd3 Rh2 37.Nxf4 Kg5 38.Nd3 Bb6 39.Kd1 Rxe2 40.Kxe2 g2 
41.Nf2 Kh4 0-1

[Event "XII Open A"]
[Site "Verona ITA"]
[Date "2006.01.02"]
[Round "1"]
[White "Rotstein, Arkadij"]
[Black "Caruso, Augusto"]
[Result "0-1"]
[WhiteElo "2520"]
[BlackElo "2232"]
[PlyCount "128"]
[EventDate "2006.01.02"]

1.c4 e6 2.d4 f5 3.g3 Nf6 4.Bg2 Be7 5.Nf3 d6 6.O-O O-O 7.Nc3 Qe8 8.Qc2 Qh5 
9.b4 a5 10.b5 Nbd7 11.Ba3 Nb6 12.Nd2 f4 13.gxf4 Ng4 14.h3 Nh6 15.c5 Nd5 
16.Nxd5 exd5 17.Qb3 Be6 18.cxd6 cxd6 19.Rac1 Rxf4 20.Rc7 Bf8 21.e4 Rh4 22.
f4 Bxh3 23.Qxd5+ Qxd5 24.exd5 Rg4 25.Rf2 Re8 26.Nf1 Nf5 27.Rc3 Bxg2 28.
Rxg2 Rxf4 29.Rf2 Rg4+ 30.Kh2 Nxd4 31.b6 Nb5 32.Rb3 Nxa3 33.Rxa3 Rb4 34.Rb3
Rxb3 35.axb3 Re5 36.Rc2 Rxd5 37.Rc7 Rb5 38.Rxb7 Rxb3 39.Ng3 a4 40.Nf5 a3 
41.Nd4 Rb2+ 42.Kg3 a2 43.Ra7 Rxb6 44.Rxa2 Rb4 45.Ne6 Re4 46.Nf4 Be7 47.Kf3
Re5 48.Nd3 Rb5 49.Ke4 Kf7 50.Ra7 g5 51.Nf2 Ke6 52.Kf3 h5 53.Ne4 Rb3+ 54.
Kg2 d5 55.Ng3 Rb2+ 56.Kh1 Bd6 57.Ra6 h4 58.Nh5 d4 59.Ng7+ Ke5 60.Ra5+ Kf4 
61.Ne6+ Ke3 62.Rd5 Bf4 63.Nxd4 Kf2 64.Rb5 Rd2 0-1

[Event "XII Open A"]
[Site "Verona ITA"]
[Date "2006.01.02"]
[Round "1"]
[White "Shytaj, Luca"]
[Black "Facchetti, Gianni"]
[Result "1-0"]
[WhiteElo "2425"]
[BlackElo "2131"]
[PlyCount "92"]
[EventDate "2006.01.02"]

1.e4 e5 2.Nc3 Nc6 3.Bc4 Nf6 4.d3 Na5 5.Nge2 Nxc4 6.dxc4 d6 7.O-O Be7 8.Qd3
c6 9.Bg5 Qc7 10.a4 a5 11.Rad1 Be6 12.Ng3 O-O-O 13.Nf5 Bxf5 14.exf5 h6 15.
Bxf6 Bxf6 16.Qf3 Kb8 17.Rd3 Be7 18.Rfd1 Rhe8 19.h3 f6 20.Qe4 Rd7 21.g3 
Red8 22.Kg2 Qb6 23.b3 Qc5 24.Qe3 Qxe3 25.fxe3 Kc7 26.Kf3 Kb6 27.Kg4 Kc7 
28.Kh5 Bf8 29.R1d2 Kc8 30.Kg6 Kc7 31.h4 Kc8 32.e4 Kc7 33.c5 b6 34.cxd6+ 
Bxd6 35.Nd1 Rf8 36.h5 Rfd8 37.Ne3 b5 38.axb5 cxb5 39.c4 b4 40.Rd5 Kc6 41.
Rxa5 Bc5 42.Rxd7 Rxd7 43.Nd5 Rb7 44.Ra6+ Kd7 45.Kxg7 Bf2 46.Nxf6+ Kd8+ 1-0

[Event "XII Open A"]
[Site "Verona ITA"]
[Date "2006.01.02"]
[Round "1"]
[White "Skembris, Spyridon"]
[Black "Capitelli, Paolo"]
[Result "1-0"]
[WhiteElo "2451"]
[BlackElo "2158"]
[PlyCount "89"]
[EventDate "2006.01.02"]

1.d4 Nf6 2.c4 g6 3.Nc3 Bg7 4.e4 d6 5.Bd3 O-O 6.Nge2 e5 7.d5 Nh5 8.O-O a5 
9.Be3 Na6 10.a3 Bd7 11.Bc2 f5 12.exf5 gxf5 13.f4 Nxf4 14.Nxf4 exf4 15.Bxf4
Qf6 16.Rf3 Qd4+ 17.Qxd4 Bxd4+ 18.Kf1 Rae8 19.Rd1 Bg7 20.Ba4 Bxa4 21.Nxa4 
Re4 22.b3 b6 23.Rdd3 Kh8 24.h3 Bd4 25.Bd2 Bg7 26.Nc3 Re7 27.Bg5 Ref7 28.
Be3 Re8 29.Ne2 Rfe7 30.Ng3 f4 31.Bxf4 Re1+ 32.Kf2 Ra1 33.Rde3 Bd4 34.Nf5 
Bxe3+ 35.Bxe3 Ra2+ 36.Kg1 Rxa3 37.Bd4+ Re5 38.Bb2 Ra2 39.Bxe5+ dxe5 40.Re3
Nc5 41.Nd4 Kg8 42.Rxe5 Rb2 43.Kh2 Kf7 44.Ne6 Nxe6 45.Rxe6 1-0

[Event "XII Open A"]
[Site "Verona ITA"]
[Date "2006.01.02"]
[Round "1"]
[White "Trabert, Bettina"]
[Black "Fuggetta, Leonardo"]
[Result "1-0"]
[WhiteElo "2276"]
[BlackElo "2069"]
[PlyCount "119"]
[EventDate "2006.01.02"]

1.e4 c5 2.Nf3 d6 3.d4 cxd4 4.Nxd4 Nf6 5.Nc3 a6 6.a4 e5 7.Nf3 h6 8.Bc4 Be7 
9.O-O Nc6 10.h3 O-O 11.Re1 Be6 12.Nd5 Nb4 13.Nxe7+ Qxe7 14.Bxe6 Qxe6 15.b3
Rac8 16.c4 a5 17.Nh2 Na6 18.Nf1 Nc5 19.Ng3 Kh7 20.Qf3 Ng8 21.Bd2 b6 22.
Rad1 Rcd8 23.Bc1 Qf6 24.Qc3 Ne7 25.Re3 Qe6 26.Rf3 g6 27.Qd2 Ng8 28.Qc2 Nf6
29.Re1 Qe7 30.Be3 Ng8 31.Bd2 Nf6 32.Bc1 Ng8 33.Rd1 Nf6 34.Qe2 Ng8 35.Qe3 
Qe6 36.Qd2 Rd7 37.Re1 Rdd8 38.Kh2 Qe7 39.Qe3 Qe6 40.Qd2 Qe7 41.Kh1 Qe6 42.
Qc2 Nf6 43.Nf1 Kg7 44.Kg1 Kh7 45.Bd2 Kg7 46.Kh2 Kh7 47.Bc1 Kg7 48.Nd2 Ng8 
49.Nb1 f5 50.exf5 Rxf5 51.Rfe3 Rdf8 52.R3e2 Ne7 53.Nc3 Qf6 54.Be3 Rf7 55.
Nb5 Nc6 56.Rd1 Nb7 57.Qd2 g5 58.Nxd6 Nxd6 59.Qxd6 Nd4 60.Rxd4 1-0

[Event "XII Open A"]
[Site "Verona ITA"]
[Date "2006.01.03"]
[Round "2"]
[White "Arlandi, Ennio"]
[Black "Brunello, Sabino"]
[Result "1/2-1/2"]
[WhiteElo "2458"]
[BlackElo "2301"]
[PlyCount "111"]
[EventDate "2006.01.02"]

1.d4 Nf6 2.c4 e6 3.Nc3 Bb4 4.Qc2 d5 5.cxd5 Qxd5 6.e3 c5 7.Bd2 Bxc3 8.Bxc3 
cxd4 9.Bxd4 Nc6 10.Bc3 O-O 11.Nf3 Rd8 12.Be2 Qe4 13.Qb3 Nd5 14.a3 Nxc3 15.
Qxc3 Qg6 16.O-O Qf6 17.Qxf6 gxf6 18.Rfd1 Bd7 19.Nd2 Kf8 20.Ne4 Ke7 21.Nc5 
Rab8 22.Nxd7 Rxd7 23.Rxd7+ Kxd7 24.f4 f5 25.Kf2 Ne7 26.Rd1+ Kc7 27.Bf3 b6 
28.h3 Rg8 29.g4 h6 30.Rd2 fxg4 31.hxg4 f5 32.gxf5 Nxf5 33.Rd1 Ne7 34.Rh1 
Rg6 35.e4 Rf6 36.Ke3 Rg6 37.Rh4 Rf6 38.Bh5 e5 39.fxe5 Re6 40.Bg4 Rxe5 41.
Rxh6 Nc6 42.Be6 Ne7 43.b4 Rg5 44.Kf4 Rg1 45.Ke5 Nc6+ 46.Kf6 Rf1+ 47.Bf5 b5
48.Rh3 Re1 49.Rd3 a5 50.bxa5 Nxa5 51.Rd5 Kb6 52.e5 Kc6 53.Rd6+ Kc5 54.Bd7 
Rxe5 55.Kxe5 Nc4+ 56.Kf4 1/2-1/2

[Event "XII Open A"]
[Site "Verona ITA"]
[Date "2006.01.03"]
[Round "2"]
[White "Astengo, Corrado"]
[Black "Naumkin, Igor"]
[Result "0-1"]
[WhiteElo "2121"]
[BlackElo "2456"]
[PlyCount "66"]
[EventDate "2006.01.02"]

1.e4 e5 2.Nf3 Nc6 3.Bb5 a6 4.Ba4 Nf6 5.O-O Nxe4 6.d4 b5 7.Bb3 d5 8.dxe5 
Be6 9.Be3 Be7 10.c3 Qd7 11.Nbd2 Nc5 12.Bc2 Bg4 13.Re1 Ne6 14.Qb1 Bh5 15.a4
Rd8 16.axb5 axb5 17.Nd4 Ncxd4 18.cxd4 c5 19.Nb3 c4 20.Nd2 Bb4 21.Qc1 O-O 
22.f4 f5 23.exf6 gxf6 24.f5 Ng5 25.Bxg5 fxg5 26.Re6 Qg7 27.Kh1 Kh8 28.Nf3 
Bxf3 29.gxf3 Qxd4 30.Qxg5 Bc5 31.Raa6 Rd7 32.Re1 Rg7 33.Qc1 Qf2 0-1

[Event "XII Open A"]
[Site "Verona ITA"]
[Date "2006.01.03"]
[Round "2"]
[White "Barberi, Alessandro"]
[Black "Rotstein, Arkadij"]
[Result "0-1"]
[WhiteElo "2113"]
[BlackElo "2520"]
[PlyCount "80"]
[EventDate "2006.01.02"]

1.d4 Nf6 2.c4 e6 3.Nf3 b6 4.e3 Bb7 5.Bd3 d5 6.Nbd2 Nbd7 7.b3 Bd6 8.Bb2 O-O
9.O-O Ne4 10.Ne5 Bxe5 11.dxe5 Nxd2 12.Qxd2 Nc5 13.Rad1 Nxd3 14.Qxd3 Ba6 
15.Qc3 Qe7 16.Rd4 c5 17.Rd2 Rfd8 18.Rfd1 dxc4 19.bxc4 Rxd2 20.Rxd2 Qh4 21.
Rd7 Qxc4 22.Qxc4 Bxc4 23.a3 Kf8 24.h4 Ke8 25.Rd6 Rd8 26.f4 Ke7 27.Kf2 Bd5 
28.g4 g6 29.Rxd8 Kxd8 30.h5 gxh5 31.gxh5 Be4 32.h6 Kd7 33.Ke2 Kc6 34.Kd2 
Kd5 35.Kc3 b5 36.Bc1 a5 37.Bd2 Bf3 38.Kd3 b4 39.axb4 cxb4 40.Kc2 Kc4 0-1

[Event "XII Open A"]
[Site "Verona ITA"]
[Date "2006.01.03"]
[Round "2"]
[White "Borgo, Giulio"]
[Black "Caruso, Augusto"]
[Result "1/2-1/2"]
[WhiteElo "2418"]
[BlackElo "2232"]
[PlyCount "110"]
[EventDate "2006.01.02"]

1.e4 e5 2.Nf3 Nc6 3.d4 exd4 4.Nxd4 Nf6 5.Nxc6 bxc6 6.Nd2 d6 7.Bd3 Be7 8.
O-O O-O 9.Nb3 Re8 10.Bf4 Bf8 11.Re1 g6 12.Qd2 Bg7 13.Bg5 Qd7 14.h3 c5 15.
Rad1 Qa4 16.e5 Nd7 17.exd6 Rxe1+ 18.Rxe1 cxd6 19.Be4 Rb8 20.Qxd6 Bf8 21.
Qc7 c4 22.Bc6 Qb4 23.Bd2 Qd6 24.Ba5 Qxc7 25.Bxc7 cxb3 26.axb3 Rb6 27.Bxb6 
Nxb6 28.Re8 Kg7 29.c3 h5 30.b4 Bd6 31.Re1 Kf6 32.Bb5 Be6 33.Ra1 Bb8 34.Re1
Bd6 35.Bd3 Ke7 36.Kf1 Kd7 37.Ke2 Nd5 38.Kd2 Nf4 39.Be4 Nd5 40.Ra1 Bb8 41.
Kd3 Kc7 42.Kd4 Nb6 43.Bd3 Nd5 44.Bc4 Nf4 45.Bxe6 fxe6 46.Ke5 Nxg2 47.Kxe6 
Nf4+ 48.Kf6 Nxh3 49.Kxg6 Nxf2 50.Kxh5 Kb6 51.Kg6 Nd3 52.Ra2 Ne1 53.Ra1 Nd3
54.Ra2 Nc1 55.Ra1 Nd3 1/2-1/2

[Event "XII Open A"]
[Site "Verona ITA"]
[Date "2006.01.03"]
[Round "2"]
[White "Capitelli, Paolo"]
[Black "Miatello, Alberto"]
[Result "0-1"]
[WhiteElo "2158"]
[BlackElo "2077"]
[PlyCount "97"]
[EventDate "2006.01.02"]

1.e4 c5 2.Nf3 e6 3.d4 cxd4 4.Nxd4 Nc6 5.Nb5 a6 6.Nd6+ Bxd6 7.Qxd6 Qe7 8.
Qd1 Nf6 9.Nc3 d5 10.Bg5 d4 11.e5 dxc3 12.exf6 gxf6 13.Be3 cxb2 14.Rb1 Qb4+
15.Qd2 Qa3 16.Bc4 b5 17.Bd3 Bb7 18.Be4 Rd8 19.Bd3 Ne5 20.Bb6 Nxd3+ 21.cxd3
Rxd3 22.Qxb2 Qxb2 23.Rxb2 Bxg2 24.Rg1 Bd5 25.Rc2 Bc4 26.Rg7 e5 27.h4 h5 
28.Rb2 Ke7 29.Ba5 Ke6 30.f4 Rh3 31.Rf2 e4 32.f5+ Ke5 33.Bc7+ Kd4 34.Bb6+ 
Kc3 35.Ba5+ b4 36.Rfg2 Rh1+ 37.Kf2 Bxa2 38.R7g3+ Kc4 39.Ke3 b3 40.Kf4 Rf1+
41.Ke3 Kb5 42.Bc3 Rc8 43.Bxf6 Rxf5 44.Bd4 Rf3+ 45.Kxe4 Rxg3 46.Rxg3 Rc4 
47.Ke3 Rxd4 48.Kxd4 b2 49.Rg5+ 0-1

[Event "XII Open A"]
[Site "Verona ITA"]
[Date "2006.01.03"]
[Round "2"]
[White "Fuggetta, Leonardo"]
[Black "Kafka, Graeme"]
[Result "1/2-1/2"]
[WhiteElo "2069"]
[BlackElo "2135"]
[PlyCount "94"]
[EventDate "2006.01.02"]

1.c4 e5 2.g3 Nc6 3.Bg2 f5 4.Nc3 Nf6 5.d3 g6 6.e4 d6 7.Nge2 Bg7 8.O-O O-O 
9.Nd5 Ne7 10.Nxf6+ Bxf6 11.d4 c6 12.Be3 fxe4 13.dxe5 Bxe5 14.Qb3 Bg4 15.
Nc3 Qc7 16.Nxe4 Nf5 17.Ng5 Rae8 18.Bxa7 h6 19.Bb6 Qd7 20.Nf3 Bg7 21.h3 
Bxf3 22.Bxf3 c5 23.Bd5+ Kh8 24.Kg2 Nd4 25.Qd3 Qf5 26.Qxf5 Rxf5 27.Rae1 
Ref8 28.Be4 R5f6 29.Ba5 b5 30.cxb5 Nxb5 31.Bd3 Nd4 32.Bc3 Kh7 33.Re7 Rf3 
34.Bxd4 cxd4 35.Be4 R3f6 36.Bd3 Rf3 37.Be4 R3f6 38.f4 R8f7 39.Re8 Rf8 40.
Re7 d5 41.Bd3 Rb8 42.Rf2 Ra8 43.a3 Kg8 44.Be2 Kf8 45.Rd7 Rb6 46.Rxd5 Rab8 
47.b4 Ra8 1/2-1/2

[Event "XII Open A"]
[Site "Verona ITA"]
[Date "2006.01.03"]
[Round "2"]
[White "Gallo, Enrico"]
[Black "Popa, Florin"]
[Result "1/2-1/2"]
[WhiteElo "2103"]
[BlackElo "2206"]
[PlyCount "96"]
[EventDate "2006.01.02"]

1.e4 e5 2.Nf3 Nc6 3.Bb5 g6 4.c3 d6 5.d4 Bd7 6.a4 Bg7 7.O-O Nge7 8.Bg5 O-O 
9.h3 Qe8 10.d5 Nb8 11.Bxd7 Nxd7 12.b4 f5 13.Nbd2 Nc8 14.Bh4 h6 15.exf5 
gxf5 16.Nh2 e4 17.Ra3 Ne5 18.f4 Nd3 19.Nc4 Nb6 20.Ne3 a5 21.bxa5 Rxa5 22.
g4 Qg6 23.Kh1 fxg4 24.f5 Qh5 25.Qxg4 Qxg4 26.Nhxg4 h5 27.Nf2 Nc5 28.Nfd1 
Ncd7 29.Rf4 Nxd5 30.Rxe4 Nc5 31.Rc4 Nxe3 32.Nxe3 b5 33.Rb4 Rxa4 34.Raxa4 
bxa4 35.Nd5 Rf7 36.Rf4 c6 37.Ne7+ Kh7 38.f6 Bh6 39.Rf1 Ne4 40.Nxc6 Nxc3 
41.Nd8 Ra7 42.f7 a3 43.Bf6 Ne4 44.Kg2 Nxf6 45.Rxf6 Bf8 46.Ne6 Ra8 47.Nxf8+
Rxf8 48.Rxd6 Rxf7 1/2-1/2

[Event "XII Open A"]
[Site "Verona ITA"]
[Date "2006.01.03"]
[Round "2"]
[White "Godena, Michele"]
[Black "Calzetta Ruiz, Monica"]
[Result "1-0"]
[WhiteElo "2505"]
[BlackElo "2314"]
[PlyCount "51"]
[EventDate "2006.01.02"]

1.e4 c5 2.c3 d6 3.d4 Nf6 4.Bd3 e5 5.dxe5 dxe5 6.Nf3 Nc6 7.Bg5 Be6 8.Qe2 h6
9.Bxf6 Qxf6 10.Nbd2 a6 11.Bc4 Bd6 12.Bd5 Bd7 13.Nc4 Bc7 14.Ne3 O-O 15.a4 
b5 16.axb5 axb5 17.Rxa8 Rxa8 18.Qxb5 Ra1+ 19.Nd1 Bg4 20.Qxc6 Bxf3 21.gxf3 
Qxf3 22.Bxf7+ Kxf7 23.Qxc7+ Ke6 24.Qc6+ Kf7 25.Qd7+ Kg8 26.Qc8+ 1-0

[Event "XII Open A"]
[Site "Verona ITA"]
[Date "2006.01.03"]
[Round "2"]
[White "Gourlay, Iain"]
[Black "Rowson, Jonathan"]
[Result "0-1"]
[WhiteElo "2363"]
[BlackElo "2599"]
[PlyCount "84"]
[EventDate "2006.01.02"]

1.Nf3 b6 2.e4 Bb7 3.Nc3 e6 4.d4 Bb4 5.Bd3 Nf6 6.Bg5 h6 7.Bxf6 Bxc3+ 8.bxc3
Qxf6 9.Qd2 d6 10.O-O O-O 11.a4 Nc6 12.Qe3 e5 13.Bb5 Rac8 14.Bxc6 Bxc6 15.
a5 Qe7 16.Nd2 f5 17.f3 fxe4 18.fxe4 Rxf1+ 19.Kxf1 d5 20.exd5 Qf7+ 21.Qf3 
Bxd5 22.Qxf7+ Kxf7 23.c4 Be6 24.dxe5 Bf5 25.c3 Ke6 26.axb6 axb6 27.Re1 Rd8
28.Nf3 Bd3+ 29.Kf2 Bxc4 30.Nd4+ Kf7 31.g4 Be6 32.h3 Rd5 33.Kf3 Rc5 34.Re3 
Rc4 35.Ne2 Ke7 36.Kg3 c5 37.Nf4 g5 38.Ne2 Bd5 39.h4 Be6 40.hxg5 hxg5 41.
Rd3 Re4 42.Kf3 Rxe2 0-1

[Event "XII Open A"]
[Site "Verona ITA"]
[Date "2006.01.03"]
[Round "2"]
[White "Guido, Flavio"]
[Black "Lazic, Miroljub"]
[Result "1/2-1/2"]
[WhiteElo "2305"]
[BlackElo "2466"]
[PlyCount "26"]
[EventDate "2006.01.02"]

1.e4 e5 2.Nf3 Nc6 3.Bc4 Bc5 4.c3 Nf6 5.d3 a6 6.Bb3 d6 7.Nbd2 Ba7 8.h3 O-O 
9.O-O Ne7 10.Re1 Ng6 11.Nf1 h6 12.Ng3 Re8 13.d4 Bd7 1/2-1/2

[Event "XII Open A"]
[Site "Verona ITA"]
[Date "2006.01.03"]
[Round "2"]
[White "Ivanov, Mikhail M."]
[Black "Trabert, Bettina"]
[Result "1-0"]
[WhiteElo "2447"]
[BlackElo "2276"]
[PlyCount "83"]
[EventDate "2006.01.02"]

1.d4 d5 2.c4 e6 3.Nf3 c6 4.Qc2 dxc4 5.Qxc4 Nf6 6.Bg5 Be7 7.e3 Nbd7 8.Bd3 
Qa5+ 9.Nbd2 e5 10.O-O exd4 11.Qxd4 h6 12.Nc4 Qd5 13.Bf4 Nc5 14.Bc2 Qxd4 
15.Nxd4 Ne6 16.Nxe6 Bxe6 17.Nd6+ Bxd6 18.Bxd6 O-O-O 19.Rfd1 Nd5 20.Ba3 Nb6
21.b3 Rxd1+ 22.Rxd1 Rd8 23.Rxd8+ Kxd8 24.Bf8 g6 25.Bxh6 Nd5 26.Bg7 c5 27.
h4 b5 28.Bf8 c4 29.bxc4 bxc4 30.Kf1 Kd7 31.a3 Kc6 32.Ke2 Kb5 33.f3 f5 34.
g3 Bf7 35.h5 gxh5 36.Bxf5 c3 37.Bd3+ Ka4 38.Bc2+ Kb5 39.Kd3 Bg6+ 40.e4 Kc6
41.Kd4 Nf4 42.gxf4 1-0

[Event "XII Open A"]
[Site "Verona ITA"]
[Date "2006.01.03"]
[Round "2"]
[White "Lettieri, Giuseppe"]
[Black "Bertani, Gianfranco"]
[Result "1-0"]
[WhiteElo "2260"]
[BlackElo "2116"]
[PlyCount "79"]
[EventDate "2006.01.02"]

1.e4 c5 2.Nf3 Nc6 3.c3 d6 4.d4 Nf6 5.d5 Nb8 6.Bd3 e5 7.dxe6 Bxe6 8.Ng5 Nc6
9.Nxe6 fxe6 10.O-O Qd7 11.Bg5 Be7 12.Nd2 Ne5 13.Bc2 h6 14.Bxf6 Bxf6 15.f4 
Nf7 16.Ba4 b5 17.Bb3 O-O 18.Qg4 c4 19.Bc2 Nh8 20.Nf3 Qe8 21.Rad1 e5 22.
Rxd6 exf4 23.e5 h5 24.Qf5 g6 25.Qe6+ Qxe6 26.Rxe6 Bd8 27.Bxg6 Nxg6 28.
Rxg6+ Kh7 29.Rd6 Bb6+ 30.Kh1 Rg8 31.e6 Be3 32.Rd5 Rg6 33.Ng5+ Kh6 34.h4 
Rag8 35.Rxb5 f3 36.Rxf3 Bxg5 37.hxg5+ Rxg5 38.Rxg5 Rxg5 39.Rf6+ Rg6 40.e7 
1-0

[Event "XII Open A"]
[Site "Verona ITA"]
[Date "2006.01.03"]
[Round "2"]
[White "Rombaldoni, Axel"]
[Black "De Santis, Alessio"]
[Result "1/2-1/2"]
[WhiteElo "2123"]
[BlackElo "2373"]
[PlyCount "62"]
[EventDate "2006.01.02"]

1.e4 g6 2.d4 Bg7 3.Bc4 d6 4.Nc3 e6 5.Nf3 Ne7 6.O-O a6 7.a4 b6 8.Bg5 h6 9.
Be3 Bb7 10.Qd2 Nd7 11.Rad1 Nf6 12.e5 Nfd5 13.Bxd5 Nxd5 14.Ne4 Nxe3 15.Qxe3
Bxe4 16.Qxe4 d5 17.Qe3 Bf8 18.Nd2 Be7 19.c4 c6 20.Rc1 O-O 21.cxd5 cxd5 22.
Rc6 Kg7 23.Rfc1 Ra7 24.Qb3 Bg5 25.R1c2 Bxd2 26.Rxd2 b5 27.Rdc2 Qa5 28.Qc3 
Qxc3 29.bxc3 bxa4 30.Ra2 Rb8 31.g3 Rb1+ 1/2-1/2

[Event "XII Open A"]
[Site "Verona ITA"]
[Date "2006.01.03"]
[Round "2"]
[White "Rombaldoni, Denis"]
[Black "Skembris, Spyridon"]
[Result "0-1"]
[WhiteElo "2292"]
[BlackElo "2451"]
[PlyCount "86"]
[EventDate "2006.01.02"]

1.d4 Nf6 2.Nf3 e6 3.c4 b6 4.g3 Bb4+ 5.Bd2 a5 6.Bg2 Ba6 7.Ne5 Ra7 8.O-O O-O
9.b3 c5 10.d5 Bxd2 11.Qxd2 exd5 12.cxd5 Re8 13.Nd3 d6 14.Nc3 b5 15.Rfe1 b4
16.Na4 Rae7 17.Qc2 Nbd7 18.e4 Nxe4 19.Nxb4 axb4 20.Rxe4 Rxe4 21.Bxe4 g6 
22.Rd1 Qf6 23.Kg2 Qe5 24.Bf3 Bb5 25.Nb2 Ra8 26.Nc4 Bxc4 27.bxc4 Ra3 28.Qd2
Nb6 29.Rc1 Rc3 30.Rxc3 Qxc3 31.Qxc3 bxc3 32.Bd1 Nxc4 33.a4 Kf8 34.Kf1 Ke7 
35.Ke2 Kd8 36.Kd3 Nb2+ 37.Kc2 Nxa4 38.Kb3 Nb6 39.Bf3 Ke7 40.Be4 f5 41.Bg2 
Kf6 42.f4 Nc4 43.Kxc3 Ne3 0-1

[Event "XII Open A"]
[Site "Verona ITA"]
[Date "2006.01.03"]
[Round "2"]
[White "Sciortino, Massimo"]
[Black "Estremera Panos, Sergio"]
[Result "0-1"]
[WhiteElo "2260"]
[BlackElo "2361"]
[PlyCount "114"]
[EventDate "2006.01.02"]

1.e4 c5 2.c4 Nc6 3.Nc3 Nf6 4.g3 g6 5.Bg2 Bg7 6.Nge2 O-O 7.O-O d6 8.d3 Rb8 
9.a3 Ne8 10.Rb1 a5 11.Be3 Nc7 12.Qd2 b5 13.Nxb5 Nxb5 14.cxb5 Rxb5 15.d4 
Nxd4 16.Nxd4 cxd4 17.Bxd4 Bxd4 18.Qxd4 Be6 19.b4 axb4 20.Rxb4 Rc5 21.Ra1 
Qc7 22.h4 Rc8 23.Kh2 Rc2 24.Rb2 Rc4 25.Qe3 Rc3 26.Qd4 Rc4 27.Qe3 Ra8 28.
Rd2 Rc3 29.Rd3 Rxd3 30.Qxd3 Qc5 31.Kg1 Rb8 32.Qd2 Rb3 33.Qg5 f6 34.Qxc5 
dxc5 35.a4 c4 36.e5 c3 37.exf6 exf6 38.Be4 Rb4 39.f3 f5 40.Bc2 Rb2 41.Rc1 
Bc4 42.f4 Kf7 43.h5 Ra2 44.hxg6+ hxg6 45.g4 fxg4 46.Bb1 Rb2 47.f5 g5 48.
Bc2 Kf6 49.Bd1 Rd2 50.Bc2 g3 51.Be4 Re2 52.Bf3 Re5 53.Kg2 Kxf5 54.a5 Kf4 
55.Bd1 Bd5+ 56.Kf1 g2+ 57.Kf2 Re1 0-1

[Event "XII Open A"]
[Site "Verona ITA"]
[Date "2006.01.03"]
[Round "3"]
[White "Calzetta Ruiz, Monica"]
[Black "Astengo, Corrado"]
[Result "1-0"]
[WhiteElo "2314"]
[BlackElo "2121"]
[PlyCount "115"]
[EventDate "2006.01.02"]

1.e4 e6 2.d4 d5 3.Nd2 dxe4 4.Nxe4 Nd7 5.Bd3 Ngf6 6.Qe2 Nxe4 7.Bxe4 c5 8.
Nf3 Nf6 9.Bd3 cxd4 10.O-O Be7 11.Rd1 O-O 12.Nxd4 Qa5 13.Bf4 Qh5 14.Nf5 Bc5
15.Qxh5 Nxh5 16.Bd6 Bxd6 17.Nxd6 Nf6 18.c4 Rb8 19.b4 Bd7 20.a4 Rfd8 21.b5 
Kf8 22.Be2 Ke7 23.Bf3 Bc8 24.c5 Ne8 25.Nc4 f6 26.Rxd8 Kxd8 27.Rd1+ Ke7 28.
Na5 Nc7 29.Kf1 e5 30.Bxb7 Bxb7 31.Nxb7 Nxb5 32.axb5 Rxb7 33.Rb1 Rb8 34.Ke2
Kd7 35.Kd3 Kc7 36.Kc4 Rd8 37.Ra1 Rd4+ 38.Kc3 Kb8 39.Ra2 Rd5 40.Kb4 Rd4+ 
41.Ka5 Rd5 42.Rc2 Rd1 43.Kb4 Rb1+ 44.Kc4 Rd1 45.c6 Kc7 46.Kc5 Rf1 47.g3 g6
48.h4 h5 49.Ra2 Rc1+ 50.Kd5 Kb6 51.Rb2 Rc3 52.Ke6 Rf3 53.Rc2 Kc7 54.Rd2 e4
55.Rd7+ Kb8 56.Rb7+ Kc8 57.Rxa7 Rxf2 58.b6 1-0

[Event "XII Open A"]
[Site "Verona ITA"]
[Date "2006.01.03"]
[Round "3"]
[White "Caruso, Augusto"]
[Black "Arlandi, Ennio"]
[Result "0-1"]
[WhiteElo "2232"]
[BlackElo "2458"]
[PlyCount "56"]
[EventDate "2006.01.02"]

1.Nc3 c5 2.e4 e6 3.Nf3 d6 4.d4 cxd4 5.Nxd4 a6 6.g3 Nf6 7.Bg2 Be7 8.O-O O-O
9.b3 Qc7 10.Bb2 Bd7 11.Nce2 Nc6 12.c4 Rac8 13.Rc1 Qb8 14.Re1 Rfd8 15.Nxc6 
Bxc6 16.Nd4 Be8 17.Qe2 Nd7 18.f4 Nc5 19.Bh3 Bd7 20.f5 e5 21.Nc2 Bg5 22.Nb4
b5 23.cxb5 Bxc1 24.Bxc1 Qxb5 25.Qd2 Nxe4 26.Rxe4 Qc5+ 27.Qf2 Qxf2+ 28.Kxf2
Rxc1 0-1

[Event "XII Open A"]
[Site "Verona ITA"]
[Date "2006.01.03"]
[Round "3"]
[White "Chierici, Marianna"]
[Black "Capitelli, Paolo"]
[Result "1/2-1/2"]
[WhiteElo "1934"]
[BlackElo "2158"]
[PlyCount "281"]
[EventDate "2006.01.02"]

1.e4 c5 2.c3 d5 3.exd5 Qxd5 4.d4 e6 5.Nf3 Nf6 6.Bd3 Be7 7.O-O O-O 8.Re1 
Nc6 9.a3 Rd8 10.Be3 a6 11.Bc2 cxd4 12.cxd4 b5 13.Nc3 Qh5 14.Qe2 Bb7 15.b4 
Rac8 16.Ne4 Nxe4 17.Bxe4 Na5 18.Bxb7 Nxb7 19.Bf4 Qf5 20.Qe5 Qg6 21.Rac1 
Bd6 22.Qe3 Qf5 23.Be5 h6 24.h3 Bf8 25.Rxc8 Rxc8 26.Rc1 Rc2 27.Ne1 Rxc1 28.
Qxc1 Qe4 29.Qe3 Qxe3 30.fxe3 a5 31.Nd3 f6 32.Bc7 axb4 33.axb4 Kf7 34.Kf2 
Ke8 35.Nc5 Nxc5 36.bxc5 Kd7 37.Ba5 Kc6 38.e4 e5 39.dxe5 fxe5 40.Ke3 Bxc5+ 
41.Kd3 Kd6 42.Bd2 Ke6 43.g4 Kf6 44.Bc1 Bf2 45.Kc3 Bg3 46.Kb4 Bf4 47.Bb2 
Kg5 48.Kxb5 Kh4 49.Kc5 Kxh3 50.Kd5 Kxg4 51.Bxe5 Bxe5 52.Kxe5 h5 53.Kd6 h4 
54.e5 h3 55.e6 h2 56.e7 h1=Q 57.e8=Q Qh6+ 58.Kc7 Qf4+ 59.Kc8 g5 60.Qe2+ 
Kg3 61.Kd8 g4 62.Ke7 Qf3 63.Qd2 Qe4+ 64.Kd7 Qf4 65.Qe2 Kh3 66.Qe6 Kg2 67.
Qe2+ Kg3 68.Kc8 Qf5+ 69.Kd8 Kh3 70.Qe3+ g3 71.Ke7 Qg4 72.Ke8 Qh5+ 73.Kd7 
Kh2 74.Qf4 Qh3+ 75.Kd6 Kg1 76.Qe3+ Kh1 77.Qe1+ Kh2 78.Qe5 Qg2 79.Kc7 Qf2 
80.Kb8 Kg1 81.Qa1+ Qf1 82.Qd4+ Qf2 83.Qd1+ Kg2 84.Kc8 Qc5+ 85.Kd8 Kf2 86.
Qd2+ Kf3 87.Qd1+ Kf4 88.Qd2+ Qe3 89.Qd6+ Ke4 90.Qc6+ Kd3 91.Qb5+ Kd2 92.
Qb2+ Ke1 93.Kc8 Qc5+ 94.Kb8 Qf8+ 95.Kc7 Qf7+ 96.Kb8 Qf4+ 97.Kc8 Qg4+ 98.
Kb8 g2 99.Qc3+ Kf2 100.Qc5+ Kg3 101.Qe3+ Kh2 102.Qh6+ Qh3 103.Qd2 Qf3 104.
Qh6+ Kg1 105.Qh4 Qb3+ 106.Ka8 Kf1 107.Qf4+ Ke2 108.Qe4+ Kf2 109.Qh4+ Qg3 
110.Qd4+ Ke1 111.Qe4+ Kd2 112.Qd5+ Ke3 113.Qc5+ Kd2 114.Qd5+ Kc3 115.Qc5+ 
Kb2 116.Qb6+ Ka2 117.Qe6+ Qb3 118.Qe2+ Qb2 119.Qe6+ Kb1 120.Qe4+ Kc1 121.
Qe1+ Kc2 122.Qf2+ Kb3 123.Qb6+ Ka2 124.Qe6+ Ka1 125.Qe1+ Qb1 126.Qe5+ Qb2 
127.Qe1+ Ka2 128.Qe6+ Ka3 129.Qa6+ Kb3 130.Qb6+ Kc3 131.Qe3+ Kc4 132.Qe4+ 
Kc5 133.Qf5+ Kd6 134.Qg6+ Ke7 135.Qh7+ Kf8 136.Qf5+ Kg8 137.Qe6+ Kh7 138.
Qh3+ Kg7 139.Qg4+ Kf7 140.Qf5+ Qf6 141.Qd5+ 1/2-1/2

[Event "XII Open A"]
[Site "Verona ITA"]
[Date "2006.01.03"]
[Round "3"]
[White "Danieli, Enrico"]
[Black "Frigieri, Fabrizio"]
[Result "1/2-1/2"]
[WhiteElo "2164"]
[BlackElo "2096"]
[PlyCount "90"]
[EventDate "2006.01.02"]

1.d4 d5 2.Nf3 c6 3.e3 Nf6 4.Bd3 Bg4 5.O-O Nbd7 6.Nbd2 e5 7.dxe5 Nxe5 8.Be2
Nxf3+ 9.Bxf3 Bf5 10.b3 Bd6 11.Bb2 Qc7 12.g3 h5 13.Bxf6 gxf6 14.Bxh5 Bb4 
15.Be2 Bh3 16.Re1 Qa5 17.Nf3 O-O-O 18.Nd4 Kb8 19.a3 Bxe1 20.Qxe1 Qc7 21.a4
f5 22.a5 a6 23.b4 f4 24.exf4 Rde8 25.Qc3 Rhg8 26.Qd2 Re4 27.f5 Qe5 28.c3 
Re8 29.Ra2 Bxf5 30.Bf3 Re1+ 31.Kg2 Be4 32.Qxe1 Qxd4 33.cxd4 Bxf3+ 34.Kxf3 
Rxe1 35.Rb2 Kc7 36.h4 Kd6 37.h5 f5 38.Kf4 Ke6 39.Kg5 Re4 40.Rd2 Rg4+ 41.
Kh6 Kf6 42.Rd3 Rg8 43.Kh7 Rg7+ 44.Kh6 Rg8 45.Kh7 Rg7+ 1/2-1/2

[Event "XII Open A"]
[Site "Verona ITA"]
[Date "2006.01.03"]
[Round "3"]
[White "De Santis, Alessio"]
[Black "Barberi, Alessandro"]
[Result "1-0"]
[WhiteElo "2373"]
[BlackElo "2113"]
[PlyCount "58"]
[EventDate "2006.01.02"]

1.d4 g6 2.Nf3 Bg7 3.e4 d6 4.Nbd2 Nd7 5.c3 e5 6.Bd3 Ne7 7.O-O O-O 8.Re1 h6 
9.Qc2 f5 10.dxe5 Nxe5 11.Nxe5 dxe5 12.Nc4 b5 13.Nd2 Rb8 14.Nb3 f4 15.Nc5 
b4 16.Rd1 Qe8 17.Qb3+ Kh7 18.cxb4 Nc6 19.a3 a5 20.Bd2 Qe7 21.Qc4 axb4 22.
axb4 f3 23.g3 h5 24.Bf1 h4 25.Ra7 hxg3 26.hxg3 Rf4 27.Nd3 Rb7 28.Rxb7 Bxb7
29.gxf4 Qh4 1-0

[Event "XII Open A"]
[Site "Verona ITA"]
[Date "2006.01.03"]
[Round "3"]
[White "Estremera Panos, Sergio"]
[Black "Stojanovic, Mihajlo"]
[Result "1/2-1/2"]
[WhiteElo "2361"]
[BlackElo "2532"]
[PlyCount "101"]
[EventDate "2006.01.02"]

1.d4 d5 2.c4 dxc4 3.Nf3 c5 4.e3 cxd4 5.Bxc4 Qc7 6.Qb3 e6 7.exd4 Nf6 8.O-O 
Nc6 9.Nc3 Bd7 10.Qd1 Be7 11.Bg5 O-O 12.Rc1 Rfd8 13.Qe2 Ng4 14.Nb5 Qb8 15.
Bxe7 Nxe7 16.Ne5 Bxb5 17.Qxg4 Be8 18.Bxe6 Qd6 19.Bb3 Qxd4 20.Qxd4 Rxd4 21.
Rc7 Kf8 22.Rxb7 f6 23.Nf3 Rd6 24.Re1 Nc6 25.Rc7 Rb8 26.Ba4 a5 27.h3 Bd7 
28.b3 Rc8 29.Rxc8+ Bxc8 30.Rc1 Ne7 31.Rc5 Rd1+ 32.Kh2 Ra1 33.g4 Rxa2 34.
Kg3 g5 35.Rxa5 h5 36.Ra8 h4+ 37.Kg2 Kg7 38.Ra7 Kf8 39.Ra8 Kg7 40.Ra7 Kf8 
41.Nd4 Rd2 42.Nc6 Nxc6 43.Bxc6 Rd6 44.Bf3 Ke8 45.b4 Rb6 46.b5 Bd7 47.Ra6 
Rxb5 48.Rxf6 Ke7 49.Ra6 Be6 50.Ra7+ Kf6 51.Rb7 1/2-1/2